000 00630nam a2200241Ia 4500
003 OSt
005 20220918182403.0
006 a|||||r|||| 00| 0
007 ta
008 220917b |||||||| |||| 00| 0 eng d
024 _a32,238
037 _cTextual
040 _aARTS
_cARTS
_beng
041 _2eng
_aeng
082 _aO111,3L52:g, K8
100 _aAdelstein Michael E
_960177
245 0 _aFanny Burney
260 _aNew York
_bTwayne USA
_c1968
300 _a189p.
_ccm.
650 _aENGLISH LITERATURE
942 _hO111,3L52:g, K8
_cTEXL
_2CC
999 _c168804
_d168804